00728nam a2200193Ia 4500003000400000005001700004008004100021040000700062041000800069082001900077100005400096245007100150260005400221365001300275906007700288942001200365999001900377952013800396OSt20230530113833.0210423s2003 xx 000 0 und d cAL aeng a362.7 REDM223 aREDDY (G Narayana);REDDY (Suma Narayana).9116559 aManaging childhood problems: support stratigies and interventions. aNew DelhibKanishka Publishers Distributorsc2003 b595cINR achildhood ; interventions. ; Managing ; problems: ; stratigies ; support 2ddccBK c173601d173601 001040708MSWaSACPGbSACPGd2003-02-03eSaraswathi Publisherg595.00l0o362.7 REDMpPG020212r2022-08-24 00:00:00w2021-04-26yBK